000 00558nam a2200205Ia 4500
005 20250923145735.0
008 008 250917s9999 xx 000 0 eng d
037 _aTextual
040 _aDSWL
_beng
_cDSWL
041 _aeng
_2eng
084 _aYx,zu;5.56, N85
_qDSWL
100 _aHuxley, P.
_9838476
245 0 _aSocial work practice in mental health
_cby P.Huxley
260 _aVermon
_b Gower
_c1985
300 _axi-107p.
365 _aUSD
_b7.5
925 _g7.5
942 _cTEXL
_hYx,zu;5.56, N85
999 _c1455066
_d1455066